|
|
|
|
| LEADER |
00000nab a2200000ua 4500 |
| 001 |
vtls010848596 |
| 003 |
SK-MaSNL |
| 005 |
20260303140040.0 |
| 008 |
230218s2007 xo |||||||||||||||||eng| |
| 035 |
|
|
|a (urnnbn)urn:nbn:sk:snk:ar-a078ox
|
| 035 |
|
|
|a urn:nbn:sk:snk-ab69ho
|
| 035 |
|
|
|a (uuid)30ee7e59-1a56-4d30-8ca5-7d0f0affad8b
|
| 040 |
|
|
|a SNKBUCL
|b slo
|c SNKBUCL
|e AACR2
|
| 041 |
0 |
|
|a eng
|
| 044 |
|
|
|a xo
|c SK
|
| 100 |
1 |
|
|a Szelag, Adam
|4 aut
|9 784751
|
| 245 |
1 |
0 |
|a ANALYSIS OF INPUT IMPEDANCE OF THE TRACTION VEHICLE WITH DC CHOPPER AS A FUNCTION OF OPERATION MODE
|c Adam Szelag, Marcin Steczek
|
| 700 |
1 |
|
|a Steczek, Marcin
|4 aut
|9 1158062
|
| 773 |
0 |
|
|t Komunikácie : vedecké listy Žilinskej univerzity
|g Roč. 9, č. 4 (2007), s. 10-13
|
| 958 |
|
|
|a OND
|
| 958 |
|
|
|a EUIPO
|
| 958 |
|
|
|a article5
|
| 999 |
|
|
|c 1969276
|d 1971206
|